Government Finance Review

Detalles Bibliográficos
Formato: eBook
Lenguaje:inglés
Publicado: Estados Unidos Government Finance Officers Association 2015
Materias:
Acceso en línea:Acceso restringido

MARC

LEADER 00000nam a22000007a 4500
005 2016012106126.0
007 cr|||| ||u|
008 160121t19912014-us x|pos|||| 0||| 1eng d
022 |a 0883-7856  
035 |a 2884 
040 |a vLex 
090 |c 5829  |d 5829 
245 1 0 |a Government Finance Review  |h [Recurso electrn̤ico] /  |c COPYRIGHT TV Trade Media, Inc. 
256 |a Servicio en ln̕ea  
260 |a Estados Unidos  |b Government Finance Officers Association   |c 2015 
300 |a 1 recurso electrn̤ico  
310 |a Desconocida  
506 1 |a Contenido solo disponible en los productos indicados  |d vLex Global  |d vLex Global (Academic Edition, excluding Law Schools)  |d vLex Global (U.S. Academic Edition, Law Schools)  |d vLex Global (U.S. Academic Edition, excluding Law Schools)  |d vLex Global (Academic Edition, Law Schools) 
650 0 4 |a Derecho  |z Estados Unidos 
740 0 |a vLex revistas (servicio en ln̕ea)  
856 4 0 |u http://vlex.com/source/government-finance-review-2884  |z Acceso restringido  
942 |c REV 
999 0 |a Law